000
00203nam a22000857a 4500
001
1236319
005
20251001160650.0
245
_a
KIYAMET KAPISI
_c
ASLI TOHUMCU
260
_b
GÜNIŞIĞI KİTAPLIĞI YAYINLARI
999
_c
1236319
_d
1236319